000
00291nam a2200133Ia 4500
008
231017s9999 xx 000 0 und d
082
_a
624.2021
082
_b
BRI
245
0
_a
Bridge design specifications
245
0
_c
Caltrans
260
_b
Caltrans
300
_c
30cm
942
_c
REP
999
_c
605617
_d
605617